[Event "4th Tournament of Peace"]
[Site "Zagreb/Rijeka YUG"]
[Date "1985.05.08"]
[Round "14"]
[White "Cebalo, Miso"]
[Black "Handoko, Edhi"]
[Result "0-1"]
[WhiteElo "2485"]
[BlackElo "2420"]
[EventDate "1985.04.21"]
[PlyCount "112"]

1.d4 Nf6 2.c4 g6 3.Nc3 d5 4.Nf3 Bg7 5.Bg5 Ne4 6.cxd5 Nxg5 7.Nxg5 e6 8.Nf3 
exd5 9.e3 O-O 10.b4 c6 11.Be2 Qe7 12.Qb3 Be6 13.O-O Nd7 14.Rac1 a6 15.Na4 
Nf6 16.Nc5 Ne4 17.a4 Bg4 18.Rc2 Nd6 19.b5 axb5 20.axb5 Bxf3 21.gxf3 Nf5 
22.Rd2 Nxd4 23.Qb4 Nxe2+ 24.Rxe2 b6 25.Nd3 c5 26.Qd2 Ra5 27.Nf4 Rd8 28.Kh1
Rxb5 29.Nxd5 Qb7 30.Rd1 Rd7 31.e4 Rb2 32.Qe3 Rxe2 33.Qxe2 b5 34.Qe3 Qc6 
35.Qf4 Bd4 36.Kg2 Kg7 37.Rxd4 cxd4 38.Qe5+ f6 39.Qxd4 Qd6 40.h3 Rb7 41.f4 
b4 42.e5 Qc6 43.Kg3 b3 44.exf6+ Kf7 45.Ne3 Rd7 46.Qb4 Rb7 47.Qd4 Qd7 48.
Qb2 h5 49.f3 Qd3 50.Qe5 b2 51.f5 gxf5 52.Nxf5 Qxf5 53.Qxf5 b1=Q 54.Qd5+ 
Kxf6 55.Qd6+ Kg7 56.Qe5+ Kh6 0-1

[Event "4th Tournament of Peace"]
[Site "Zagreb/Rijeka YUG"]
[Date "1985.05.08"]
[Round "14"]
[White "Ribli, Zoltan"]
[Black "Smejkal, Jan"]
[Result "1/2-1/2"]
[WhiteElo "2615"]
[BlackElo "2555"]
[EventDate "1985.04.21"]
[PlyCount "27"]

1.Nf3 Nf6 2.c4 g6 3.Nc3 d5 4.Qa4+ Bd7 5.Qb3 dxc4 6.Qxc4 Bg7 7.g3 O-O 8.Bg2
Nc6 9.O-O Ne8 10.d4 Be6 11.Qd3 Bg4 12.e3 Qd7 13.Bd2 Rd8 14.Rfc1 1/2-1/2

[Event "4th Tournament of Peace"]
[Site "Zagreb/Rijeka YUG"]
[Date "1985.05.08"]
[Round "14"]
[White "Rukavina, Josip"]
[Black "Lobron, Eric"]
[Result "0-1"]
[WhiteElo "2470"]
[BlackElo "2505"]
[EventDate "1985.04.21"]
[PlyCount "109"]

1.Nf3 Nf6 2.c4 e6 3.g3 d5 4.Bg2 Be7 5.O-O O-O 6.b3 c5 7.cxd5 exd5 8.d4 Nc6
9.Bb2 Bg4 10.Nc3 Re8 11.Rc1 Rc8 12.Ne5 cxd4 13.Nxg4 dxc3 14.Nxf6+ Bxf6 15.
Bxc3 d4 16.Bd2 Qb6 17.Re1 Rcd8 18.Bxc6 bxc6 19.Qc2 Re6 20.Qd3 h5 21.Qf5 
Rd5 22.Qd3 g6 23.Rc4 Qd8 24.Bb4 h4 25.Rc5 Rxc5 26.Bxc5 Qd5 27.Bb4 h3 28.
Qf3 Rxe2 29.Qxd5 Rxe1+ 30.Bxe1 cxd5 31.f4 d3 32.Kf2 Bd4+ 33.Kf3 f5 34.Bd2 
a6 35.b4 Kf7 36.a4 Ke6 37.Be3 Bc3 38.Bc5 d4 39.b5 axb5 40.axb5 Kd5 41.b6 
Kc6 42.Kf2 Kb7 43.Kf3 Be1 44.Bxd4 Bxg3 45.Be3 Be1 46.Bd4 Bd2 47.Be3 Ba5 
48.Bd4 Bxb6 49.Bxb6 Kxb6 50.Ke3 Kc5 51.Kxd3 Kd5 52.Ke3 Kc4 53.Kf3 Kd3 54.
Kg3 Ke3 55.Kh4 0-1

[Event "4th Tournament of Peace"]
[Site "Zagreb/Rijeka YUG"]
[Date "1985.05.08"]
[Round "14"]
[White "Sax, Gyula"]
[Black "Ivanovic, Bozidar"]
[Result "1/2-1/2"]
[WhiteElo "2565"]
[BlackElo "2515"]
[EventDate "1985.04.21"]
[PlyCount "39"]

1.e4 c5 2.Nf3 Nc6 3.d4 cxd4 4.Nxd4 Nf6 5.Nc3 d6 6.Be2 e6 7.Be3 a6 8.f4 Qc7
9.O-O Be7 10.Kh1 O-O 11.Qe1 Bd7 12.Qg3 b5 13.e5 Ne8 14.Rad1 Nxd4 15.Bxd4 
Bc6 16.a3 g6 17.Bd3 Ng7 18.exd6 Bxd6 19.Ne4 Bxe4 20.Bxe4 1/2-1/2

[Event "4th Tournament of Peace"]
[Site "Zagreb/Rijeka YUG"]
[Date "1985.05.10"]
[Round "15"]
[White "Hulak, Krunoslav"]
[Black "Sax, Gyula"]
[Result "1/2-1/2"]
[WhiteElo "2450"]
[BlackElo "2565"]
[EventDate "1985.04.21"]
[PlyCount "31"]

1.Nf3 g6 2.g3 Bg7 3.Bg2 Nf6 4.O-O O-O 5.c4 d6 6.Nc3 e5 7.d3 Nc6 8.Bg5 h6 
9.Bxf6 Bxf6 10.Rb1 Bg7 11.b4 a6 12.a4 Ne7 13.Nd5 c6 14.Nxe7+ Qxe7 15.b5 
axb5 16.axb5 1/2-1/2

[Event "4th Tournament of Peace"]
[Site "Zagreb/Rijeka YUG"]
[Date "1985.05.10"]
[Round "15"]
[White "Kovacevic, Vlatko"]
[Black "Cebalo, Miso"]
[Result "1-0"]
[WhiteElo "2530"]
[BlackElo "2485"]
[EventDate "1985.04.21"]
[PlyCount "99"]

1.d4 Nf6 2.Nf3 e6 3.e3 c5 4.Bd3 b6 5.O-O Bb7 6.c4 d6 7.Nc3 Nbd7 8.a4 Be7 
9.h3 a6 10.Qe2 cxd4 11.exd4 O-O 12.Bg5 Re8 13.Rac1 g6 14.Rfe1 Qc7 15.Qe3 
Bf8 16.Nd2 Bg7 17.Bh6 Rad8 18.Be2 Qb8 19.b4 Rc8 20.Nb3 Bc6 21.Bxg7 Kxg7 
22.Rb1 Qc7 23.Rec1 Bb7 24.a5 Rb8 25.axb6 Nxb6 26.Na5 Ba8 27.Qg3 Ne4 28.
Nxe4 Bxe4 29.Bd3 Bxd3 30.Qxd3 Rec8 31.Qg3 Qd7 32.Kh2 Qd8 33.c5 dxc5 34.
bxc5 Nd7 35.Rxb8 Nxb8 36.Qe5+ Kg8 37.c6 Qb6 38.Rc4 Qc7 39.f4 Kf8 40.Kg3 
Qxe5 41.fxe5 Ke8 42.Kf4 h6 43.Ke4 Kd8 44.Nb7+ Kc7 45.Nd6 Rf8 46.d5 exd5+ 
47.Kxd5 f6 48.Rc3 fxe5 49.Rb3 Nxc6 50.Rb7+ 1-0